Statistics for Countries with Albanian embassies

Click here to take the quiz!

General Stats

  • This quiz has been taken 124 times
  • The average score is 33 of 38

Answer Stats

ContinentCountry% Correct
North AmericaUnited States of America
98%
EuropeFrance
96%
EuropeSerbia
96%
EuropeUnited Kingdom
96%
EuropeGreece
95%
Asia/ EuropeRussia
95%
Asia/ EuropeTurkey
95%
EuropeItaly
94%
EuropeSpain
94%
EuropeSweden
94%
South AmericaBrazil
93%
North AmericaCanada
93%
EuropeGermany
93%
EuropeKosovo
92%
EuropeAustria
91%
AsiaChina
91%
EuropeCroatia
91%
EuropePoland
90%
EuropeSlovenia
90%
EuropeSlovakia
89%
EuropeBelgium
88%
EuropeBulgaria
88%
EuropeRomania
88%
EuropeSwitzerland
88%
EuropeCzech Republic
87%
EuropeDenmark
86%
EuropeMacedonia
86%
EuropeMontenegro
86%
Europethe Netherlands
85%
AsiaJapan
84%
EuropeHungary
83%
AfricaEgypt
75%
AsiaIsrael
71%
AsiaSaudi Arabia
70%
AsiaUnited Arab Emirates
69%
EuropeVatican City
61%
AsiaQatar
60%
AsiaKuwait
48%

Score Distribution

Percentile by Number Answered

Percent of People with Each Score

Your Score History

You have not taken this quiz